000 00474nam a22001937a 4500
003 MPLRDC
005 20220104144015.0
008 210129b ||||| |||| 00| 0 eng d
020 _a986-6941-99-3
082 _a177.2 HSQ
100 _a郝士强
245 _a拒绝任何籍口!
_c
250 _a初版
260 _a台湾
_b达观出版事业有限公司
_c2009
300 _b277
490 _a达观读书会. 31
650 _a成功法
942 _cBK
_o177.2 HSQ
999 _c45473
_d45463